Biggest Cities in Brittany on a Map - Statistics

General Stats
  • This quiz has been taken 625 times
  • The average score is 5 of 10
Answers on the Map
Answers color-coded by a green-red scale on the quiz's map according to % correct below.
 
Answer Stats
Population City % Correct
139,602 Brest
96%
217,728 Rennes
88%
63,166 Quimper
72%
46,478 Saint-Malo
56%
57,084 Lorient
55%
53,438 Vannes
51%
44,170 Saint-Brieuc
42%
20,040 Lannion
31%
20,528 Fougères
30%
23,026 Lanester
20%
No matching quizzes found
Score Distribution
Percent of People with Each Score
Percentile by Number Answered
Your Score History
You have not taken this quiz